| 000 | 00932nam a2200265Ia 4500 | ||
|---|---|---|---|
| 003 | OSt | ||
| 005 | 20250111084330.0 | ||
| 008 | 210716s2004 xx 000 0 und d | ||
| 020 | _a9780070593930 | ||
| 040 | _cAIMIT LIBRARY | ||
| 041 | _aeng | ||
| 082 |
_a005.7401 _21 _bBURD |
||
| 100 |
_aBurleson, Donald K. _9193053 |
||
| 245 |
_aOracle 9i highperformance tuning with statspack / _cBy Donald k. Burleson. |
||
| 250 | _a1 | ||
| 260 |
_aNew Delhi _bTata McGraw Hill Publishing Company Ltd _c2004 |
||
| 300 |
_axxi,650 p.; _bPB _c25 cm. |
||
| 650 |
_aOverview of the method and the tools _9193054 |
||
| 650 |
_aInstalling and configuring statspack _9193057 |
||
| 650 |
_aTuning the network environment _9193058 |
||
| 650 |
_aTuning the server environment _9193059 |
||
| 650 |
_aTuning oracle tables and indexes _9193060 |
||
| 650 |
_aTuning the oracle parallel server environment _9193061 |
||
| 942 |
_2ddc _cBK _k005.7401 BURD |
||
| 999 |
_c190468 _d190468 |
||